| 000 | 02000nam a2200493 c 4500 | ||
|---|---|---|---|
| 001 | 51835 | ||
| 003 | ES-MaCES | ||
| 005 | 20250526142702.0 | ||
| 007 | cr ||||||||||| | ||
| 008 | 210607s2021 sp 000 | spa d | ||
| 017 |
_aNA 128-2021 _bDL |
||
| 020 | _a9788413462042 | ||
| 020 | _a9788413462066 (electrónico) | ||
| 040 |
_aES-MaCES _bspa _cES-MaCES |
||
| 245 | 0 | 4 |
_aLas relaciones colectivas de trabajo en el nivel europeo e internacional _b: organización, acción sindical y negociación colectiva _cDulce María Cairós Barreto (dir.) ; autores, Manuel Álvarez de la Rosa ... [et al.] |
| 250 | _a1ª ed | ||
| 260 |
_aCizur Menor (Navarra) _bAranzadi-Thomson Reuters _c2021 |
||
| 300 |
_a532 p. _c24 cm |
||
| 490 | 1 | _aAranzadi Derecho administrativo | |
| 500 | _aPublicación en formato DÚO (papel + libro ectrónico). Disponible en formato electrónico mediante la aplicación PROVIEW | ||
| 504 | _aBibliografía | ||
| 541 | _cCompra | ||
| 650 | 4 |
_aglobalización económica _930653 |
|
| 650 | 4 |
_anuevo orden económico internacional _929223 |
|
| 650 | 4 |
_arelaciones laborales _928369 |
|
| 650 | 4 |
_anegociación colectiva _928362 |
|
| 650 | 4 |
_aconcertación social _930664 |
|
| 650 | 4 |
_acondiciones de trabajo _928327 |
|
| 650 | 4 |
_aactitud sindical _929839 |
|
| 650 | 4 |
_aactitud de la dirección _928371 |
|
| 650 | 4 |
_aempresa multinacional _927142 |
|
| 650 | 4 |
_anorma internacional del trabajo _930609 |
|
| 650 | 4 |
_alegislación del trabajo _927166 |
|
| 650 | 4 |
_aderecho del trabajo _927165 |
|
| 650 | 4 |
_aderecho comunitario _929866 |
|
| 650 | 4 |
_aderecho internacional _926684 |
|
| 653 | 1 | 0 | _aDerecho del trabajo y Seguridad Social |
| 700 | 1 |
_98673 _aCairós Barreto, Dulce María _edir. |
|
| 700 | 1 |
_96122 _aÁlvarez de la Rosa, Manuel |
|
| 830 | 0 |
_aMonografías Aranzadi _933161 _pDerecho administrativo |
|
| 856 | 4 |
_uhttps://legalteca.aranzadilaley.es/my-library?sponsor=82111144-IP _yLegalteca |
|
| 902 | _aLIB Libro | ||
| 942 |
_2CES _cBK _h6.0.1. |
||
| 999 |
_c51835 _d51835 |
||